[Event "msr2018"]
[Site "?"]
[Date "2018.04.22"]
[Round "2.1"]
[White "Haring, Filip"]
[Black "Holly, Andrej"]
[Result "1-0"]
[BlackElo "1942"]
[WhiteElo "2339"]
[LiveChessVersion "1.4.8"]

1. e4 {[%clk 1:30:49]} e6 {[%clk 1:30:50]} 2. d3 {[%clk 1:30:44]} d5
{[%clk 1:31:09]} 3. Nd2 {[%clk 1:30:45]} Nf6 {[%clk 1:30:55]} 4. g3
{[%clk 1:30:13]} c5 {[%clk 1:30:40]} 5. Bg2 {[%clk 1:30:25]} Nc6 {[%clk 1:30:21]}
6. Ngf3 {[%clk 1:30:05]} Be7 {[%clk 1:30:24]} 7. O-O {[%clk 1:30:07]} b6
{[%clk 1:29:50]} 8. Re1 {[%clk 1:29:37]} Bb7 {[%clk 1:28:32]} 9. e5
{[%clk 1:27:48]} Nd7 {[%clk 1:26:57]} 10. c4 {[%clk 1:24:17]} d4 {[%clk 1:14:00]}
11. Qe2 {[%clk 1:21:30]} Qc7 {[%clk 1:09:33]} 12. a3 {[%clk 1:20:24]} g5
{[%clk 1:04:40]} 13. Ne4 {[%clk 1:08:21]} h6 {[%clk 0:54:37]} 14. Nd6+
{[%clk 1:05:31]} Bxd6 {[%clk 0:51:31]} 15. exd6 {[%clk 1:05:56]} Qxd6
{[%clk 0:51:46]} 16. b4 {[%clk 1:05:57]} O-O-O {[%clk 0:46:53]} 17. b5
{[%clk 1:03:49]} Na5 {[%clk 0:39:43]} 18. h3 {[%clk 0:54:10]} Nb3
{[%clk 0:38:27]} 19. Rb1 {[%clk 0:54:05]} Nxc1 {[%clk 0:38:55]} 20. Rbxc1
{[%clk 0:54:28]} Rdg8 {[%clk 0:35:10]} 21. Nd2 {[%clk 0:52:01]} Bxg2
{[%clk 0:34:41]} 22. Kxg2 {[%clk 0:52:26]} Qc7 {[%clk 0:32:10]} 23. a4
{[%clk 0:52:07]} h5 {[%clk 0:28:41]} 24. a5 {[%clk 0:51:59]} Qb7+
{[%clk 0:27:27]} 25. Kg1 {[%clk 0:51:38]} h4 {[%clk 0:21:12]} 26. g4
{[%clk 0:50:38]} e5 {[%clk 0:20:20]} 27. axb6 {[%clk 0:49:55]} axb6
{[%clk 0:20:21]} 28. Ne4 {[%clk 0:49:30]} Rh6 {[%clk 0:19:31]} 29. Qf3
{[%clk 0:48:34]} Kb8 {[%clk 0:08:46]} 30. Qf5 {[%clk 0:43:49]} Qc7
{[%clk 0:05:58]} 31. Ra1 {[%clk 0:43:53]} f6 {[%clk 0:04:37]} 32. Ra6
{[%clk 0:43:41]} Nf8 {[%clk 0:02:16]} 33. Rea1 {[%clk 0:43:47]} Qb7
{[%clk 0:02:40]} 34. Nd6 {[%clk 0:43:30]} 1-0

[Event "msr2018"]
[Site "?"]
[Date "2018.04.22"]
[Round "2.2"]
[White "Panko, Eduard"]
[Black "Jakab, Bela"]
[Result "0-1"]
[BlackElo "2258"]
[WhiteElo "1949"]
[LiveChessVersion "1.4.8"]

1. e4 {[%clk 1:30:57]} e6 {[%clk 1:30:53]} 2. Nf3 {[%clk 1:31:19]} d5
{[%clk 1:31:14]} 3. e5 {[%clk 1:31:39]} c5 {[%clk 1:31:22]} 4. b4
{[%clk 1:31:27]} cxb4 {[%clk 1:31:22]} 5. d4 {[%clk 1:31:51]} Nc6
{[%clk 1:31:03]} 6. a3 {[%clk 1:32:05]} bxa3 {[%clk 1:24:33]} 7. c3
{[%clk 1:31:45]} Bd7 {[%clk 1:24:01]} 8. Bd3 {[%clk 1:31:48]} Nh6
{[%clk 1:20:54]} 9. Bxh6 {[%clk 1:27:12]} gxh6 {[%clk 1:21:18]} 10. Qc2
{[%clk 1:25:39]} f5 {[%clk 1:16:56]} 11. O-O {[%clk 1:06:08]} Rc8
{[%clk 1:13:44]} 12. Qe2 {[%clk 1:01:14]} Rg8 {[%clk 0:55:24]} 13. Re1
{[%clk 0:55:36]} Qe7 {[%clk 0:49:52]} 14. Nxa3 {[%clk 0:48:10]} Qg7
{[%clk 0:46:32]} 15. g3 {[%clk 0:38:25]} Bxa3 {[%clk 0:42:36]} 16. Rxa3
{[%clk 0:37:53]} Kf8 {[%clk 0:42:21]} 17. Nd2 {[%clk 0:33:51]} Be8
{[%clk 0:40:36]} 18. Nb3 {[%clk 0:22:37]} b6 {[%clk 0:40:14]} 19. c4 Nb4
{[%clk 0:33:20]} 20. c5 {[%clk 0:16:08]} Qd7 {[%clk 0:15:23]} 21. Rea1
{[%clk 0:14:00]} Rc7 {[%clk 0:15:37]} 22. cxb6 {[%clk 0:12:25]} axb6
{[%clk 0:15:58]} 23. Ra8 {[%clk 0:12:12]} Kg7 {[%clk 0:15:11]} 24. Qd2
{[%clk 0:11:44]} Nxd3 {[%clk 0:13:08]} 25. Qxd3 {[%clk 0:12:08]} Qb5
{[%clk 0:11:19]} 26. Qe3 {[%clk 0:11:35]} Rf8 {[%clk 0:09:23]} 27. Nc1
{[%clk 0:09:27]} f4 {[%clk 0:08:55]} 28. gxf4 {[%clk 0:06:55]} Bg6
{[%clk 0:09:14]} 29. Rxf8 {[%clk 0:05:19]} Kxf8 {[%clk 0:09:39]} 30. Ne2
{[%clk 0:04:32]} Kg7 {[%clk 0:07:49]} 31. h3 {[%clk 0:03:25]} Qb2
{[%clk 0:07:54]} 32. Ra8 {[%clk 0:02:23]} b5 {[%clk 0:07:32]} 33. f5
{[%clk 0:01:54]} Qb1+ {[%clk 0:07:43]} 34. Kh2 {[%clk 0:02:14]} Qxf5
{[%clk 0:07:49]} 35. Ng3 {[%clk 0:01:35]} Qg5 {[%clk 0:07:23]} 36. Qa3
{[%clk 0:01:28]} Rf7 {[%clk 0:07:37]} 37. Qb2 {[%clk 0:00:47]} h5
{[%clk 0:07:45]} 38. Ra3 {[%clk 0:00:32]} h4 {[%clk 0:07:45]} 39. Qxb5
{[%clk 0:00:31]} hxg3+ {[%clk 0:07:31]} 40. fxg3 {[%clk 0:00:54]} Qd2+
{[%clk 0:07:49]} 0-1

[Event "msr2018"]
[Site "?"]
[Date "2018.04.22"]
[Round "2.3"]
[White "Sahidi, Samir"]
[Black "Verbovsky, Michal"]
[Result "1/2-1/2"]
[BlackElo "1924"]
[WhiteElo "2238"]
[LiveChessVersion "1.4.8"]

1. e4 {[%clk 1:30:55]} d6 {[%clk 1:30:36]} 2. d4 {[%clk 1:31:01]} Nf6
{[%clk 1:30:57]} 3. Nc3 {[%clk 1:30:26]} Nbd7 {[%clk 1:31:16]} 4. Nf3
{[%clk 1:28:25]} e5 {[%clk 1:30:45]} 5. Bc4 {[%clk 1:25:06]} Be7 {[%clk 1:29:46]}
6. O-O {[%clk 1:23:49]} O-O {[%clk 1:28:52]} 7. h3 {[%clk 1:20:56]} c6
{[%clk 1:27:54]} 8. Re1 {[%clk 1:20:02]} h6 {[%clk 1:27:11]} 9. a4
{[%clk 1:19:47]} Qc7 {[%clk 1:23:28]} 10. a5 {[%clk 1:17:09]} Re8
{[%clk 1:19:28]} 11. b3 {[%clk 1:12:26]} Nf8 {[%clk 1:16:32]} 12. d5
{[%clk 1:12:10]} Bd7 {[%clk 1:11:58]} 13. Qd3 {[%clk 1:08:26]} Ng6
{[%clk 1:03:39]} 14. Be3 {[%clk 1:07:17]} Nh5 {[%clk 1:01:10]} 15. Ne2
{[%clk 1:05:26]} c5 {[%clk 0:45:07]} 16. a6 {[%clk 1:04:32]} b6 {[%clk 0:44:02]}
17. Bb5 {[%clk 1:01:24]} Nhf4 {[%clk 0:43:26]} 18. Bxf4 {[%clk 0:59:05]} exf4
{[%clk 0:42:55]} 19. Bxd7 {[%clk 0:50:06]} Qxd7 {[%clk 0:43:17]} 20. e5
{[%clk 0:42:36]} Nxe5 {[%clk 0:41:03]} 21. Nxe5 {[%clk 0:42:28]} dxe5
{[%clk 0:41:24]} 22. Nc3 {[%clk 0:42:01]} Bd6 {[%clk 0:39:31]} 23. Qb5
{[%clk 0:41:16]} Rad8 {[%clk 0:32:43]} 24. Qc6 {[%clk 0:37:08]} Qf5
{[%clk 0:21:46]} 25. Nb5 {[%clk 0:34:19]} Qg6 {[%clk 0:21:45]} 26. Ra4
{[%clk 0:26:14]} f5 {[%clk 0:18:14]} 27. Kh2 {[%clk 0:21:30]} e4 {[%clk 0:17:09]}
28. Nxd6 {[%clk 0:20:23]} Qxd6 {[%clk 0:08:06]} 29. Qxd6 {[%clk 0:20:03]} Rxd6
{[%clk 0:08:31]} 30. c4 {[%clk 0:20:14]} Kf7 {[%clk 0:08:35]} 31. b4
{[%clk 0:16:48]} cxb4 {[%clk 0:08:30]} 32. Rxb4 {[%clk 0:17:12]} Rc8
{[%clk 0:08:45]} 33. f3 {[%clk 0:17:13]} e3 {[%clk 0:08:24]} 34. c5
{[%clk 0:17:12]} Rxc5 {[%clk 0:08:22]} 35. Rxf4 {[%clk 0:17:32]} Rdxd5
{[%clk 0:08:36]} 36. Rxe3 {[%clk 0:17:46]} Ra5 {[%clk 0:07:47]} 37. Rc4
{[%clk 0:18:01]} Rd7 {[%clk 0:07:23]} 38. Rc8 {[%clk 0:17:38]} Rxa6
{[%clk 0:07:13]} 39. Ree8 {[%clk 0:17:57]} Ra2 {[%clk 0:06:23]} 40. Rf8+
{[%clk 0:17:47]} Kg6 {[%clk 0:06:25]} 41. Rc6+ {[%clk 0:17:46]} Kh7
{[%clk 0:30:13]} 42. Rc1 {[%clk 0:47:14]} Rdd2 {[%clk 0:30:10]} 43. Rg1
{[%clk 0:47:38]} Kg6 {[%clk 0:30:08]} 44. h4 {[%clk 0:47:28]} Rd5
{[%clk 0:28:03]} 45. Kh3 {[%clk 0:47:24]} Kh7 {[%clk 0:26:11]} 46. Re1
{[%clk 0:44:42]} Rdd2 {[%clk 0:21:49]} 47. Rg1 {[%clk 0:44:22]} g6
{[%clk 0:21:25]} 48. Rf7+ {[%clk 0:44:11]} Kg8 {[%clk 0:21:39]} 49. Rb7
{[%clk 0:44:26]} Kf8 {[%clk 0:16:00]} 50. Rc1 {[%clk 0:43:50]} Rac2
{[%clk 0:14:09]} 51. Ra1 {[%clk 0:43:52]} Ra2 {[%clk 0:09:31]} 52. Rc1
{[%clk 0:43:03]} Rac2 {[%clk 0:09:33]} 53. Ra1 {[%clk 0:43:25]} Ra2
{[%clk 0:09:58]} 1/2-1/2

[Event "msr2018"]
[Site "?"]
[Date "2018.04.22"]
[Round "2.4"]
[White "Bielik, Jakub"]
[Black "Bango, Lukas"]
[Result "1-0"]
[BlackElo "2127"]
[WhiteElo "1939"]
[LiveChessVersion "1.4.8"]

1. e4 {[%clk 1:30:57]} c5 {[%clk 1:30:56]} 2. Nf3 {[%clk 1:31:23]} d6
{[%clk 1:31:21]} 3. Bb5+ {[%clk 1:31:47]} Nc6 {[%clk 1:31:31]} 4. Bxc6+
{[%clk 1:31:58]} bxc6 {[%clk 1:31:55]} 5. O-O {[%clk 1:32:14]} Nf6
{[%clk 1:32:18]} 6. Re1 {[%clk 1:32:20]} e5 {[%clk 1:31:52]} 7. c3
{[%clk 1:32:33]} Be7 {[%clk 1:32:15]} 8. h3 {[%clk 1:31:49]} O-O {[%clk 1:32:33]}
9. d4 {[%clk 1:31:52]} cxd4 {[%clk 1:32:27]} 10. cxd4 {[%clk 1:32:16]} Qc7
{[%clk 1:31:14]} 11. Nc3 {[%clk 1:32:00]} Re8 {[%clk 1:29:56]} 12. dxe5
{[%clk 1:25:39]} dxe5 {[%clk 1:30:18]} 13. Qc2 {[%clk 1:25:38]} Be6
{[%clk 1:26:11]} 14. b3 {[%clk 1:24:19]} Rac8 {[%clk 1:20:34]} 15. Bb2
{[%clk 1:24:27]} Nh5 {[%clk 1:18:26]} 16. Ne2 {[%clk 1:17:52]} f6
{[%clk 1:18:34]} 17. Rac1 {[%clk 1:16:58]} g5 {[%clk 1:10:58]} 18. Nd2
{[%clk 1:10:51]} Bb4 {[%clk 1:06:42]} 19. Red1 {[%clk 1:06:55]} Kh8
{[%clk 0:59:51]} 20. Nc4 {[%clk 1:03:24]} Rg8 {[%clk 0:57:49]} 21. Kh2
{[%clk 0:53:59]} Qg7 {[%clk 0:53:23]} 22. Nd6 {[%clk 0:49:17]} Bxd6
{[%clk 0:47:22]} 23. Rxd6 {[%clk 0:49:40]} Nf4 {[%clk 0:47:50]} 24. Qd2
{[%clk 0:41:31]} c5 {[%clk 0:42:45]} 25. Rg1 {[%clk 0:37:43]} Qe7
{[%clk 0:41:39]} 26. Rd1 {[%clk 0:32:12]} c4 {[%clk 0:34:25]} 27. bxc4
{[%clk 0:27:33]} Rxc4 {[%clk 0:34:48]} 28. Rd8 {[%clk 0:22:09]} Rxe4
{[%clk 0:32:58]} 29. Rxg8+ {[%clk 0:21:52]} Bxg8 {[%clk 0:33:14]} 30. Nxf4
{[%clk 0:11:03]} Rxf4 {[%clk 0:33:32]} 31. f3 {[%clk 0:08:23]} Qe6
{[%clk 0:31:17]} 32. Qd8 {[%clk 0:03:44]} Kg7 {[%clk 0:07:11]} 33. Rd6
{[%clk 0:03:11]} Qxa2 {[%clk 0:06:00]} 34. Bxe5 {[%clk 0:02:53]} fxe5
{[%clk 0:04:19]} 35. Qxg5+ {[%clk 0:03:15]} Kf7 {[%clk 0:04:46]} 36. Rd7+
{[%clk 0:03:02]} Ke6 {[%clk 0:04:23]} 37. Qxg8+ {[%clk 0:03:11]} Kxd7
{[%clk 0:04:50]} 38. Qxa2 {[%clk 0:03:34]} Ke6 {[%clk 0:05:13]} 39. Qxa7
{[%clk 0:03:41]} Rf5 {[%clk 0:05:35]} 40. Kg1 {[%clk 0:03:48]} Rf6
{[%clk 0:05:55]} 41. Kf2 {[%clk 0:04:11]} h6 {[%clk 0:06:08]} 42. Ke3
{[%clk 0:04:13]} Rf4 {[%clk 0:06:26]} 43. g4 {[%clk 0:04:24]} 1-0

[Event "msr2018"]
[Site "?"]
[Date "2018.04.22"]
[Round "2.5"]
[White "Ferencak, Jakub"]
[Black "Durica, Adam"]
[Result "0-1"]
[BlackElo "1890"]
[WhiteElo "1974"]
[LiveChessVersion "1.4.8"]

1. d4 {[%clk 1:30:56]} d5 {[%clk 1:30:51]} 2. c4 {[%clk 1:31:15]} c6
{[%clk 1:31:02]} 3. Nc3 {[%clk 1:31:28]} Nf6 {[%clk 1:31:04]} 4. Nf3
{[%clk 1:31:52]} g6 {[%clk 1:30:48]} 5. Bf4 {[%clk 1:31:30]} Bg7 {[%clk 1:30:58]}
6. e3 {[%clk 1:29:55]} O-O {[%clk 1:30:30]} 7. Be2 {[%clk 1:26:51]} a6
{[%clk 1:30:04]} 8. h3 {[%clk 1:22:46]} b5 {[%clk 1:29:05]} 9. cxd5
{[%clk 1:14:55]} cxd5 {[%clk 1:29:19]} 10. O-O {[%clk 1:15:04]} Nc6
{[%clk 1:27:54]} 11. Rc1 {[%clk 1:13:17]} Bb7 {[%clk 1:24:49]} 12. Ne5
{[%clk 1:11:53]} Na5 {[%clk 1:23:40]} 13. Nd3 {[%clk 1:06:22]} Nd7
{[%clk 1:21:02]} 14. Nb4 {[%clk 1:03:20]} Nb6 {[%clk 1:11:02]} 15. a4
{[%clk 1:00:44]} bxa4 {[%clk 0:50:07]} 16. Nxa4 {[%clk 1:00:57]} Nbc4
{[%clk 0:50:26]} 17. b3 {[%clk 1:00:21]} Nd6 {[%clk 0:50:52]} 18. Nc5
{[%clk 1:00:07]} Qb6 {[%clk 0:37:37]} 19. Nbd3 {[%clk 0:50:59]} Bc8
{[%clk 0:34:23]} 20. Bf3 {[%clk 0:45:19]} e6 {[%clk 0:31:44]} 21. Na4
{[%clk 0:32:02]} Qd8 {[%clk 0:30:00]} 22. Rc5 {[%clk 0:30:35]} Nab7
{[%clk 0:25:12]} 23. Rc6 {[%clk 0:29:41]} Nb5 {[%clk 0:23:26]} 24. Rc1
{[%clk 0:16:15]} Bd7 {[%clk 0:19:41]} 25. Ne5 {[%clk 0:13:17]} Be8
{[%clk 0:17:31]} 26. Qd2 {[%clk 0:12:23]} Na5 27. Nc5 {[%clk 0:11:35]} f6
{[%clk 0:13:37]} 28. Ned3 {[%clk 0:10:41]} Bf7 {[%clk 0:13:00]} 29. Ra1
{[%clk 0:09:25]} Nc6 {[%clk 0:13:23]} 30. Bg4 {[%clk 0:08:25]} e5
{[%clk 0:13:23]} 31. dxe5 {[%clk 0:08:25]} fxe5 {[%clk 0:13:48]} 32. Bg3
{[%clk 0:08:22]} e4 {[%clk 0:14:14]} 33. Nb2 {[%clk 0:07:11]} Bc3
{[%clk 0:10:38]} 34. Qc1 {[%clk 0:02:07]} Nb4 {[%clk 0:10:45]} 35. Be2
{[%clk 0:00:44]} Qf6 {[%clk 0:09:20]} 36. Nca4 {[%clk 0:00:35]} Rac8
{[%clk 0:08:43]} 37. Bxb5 axb5 {[%clk 0:08:33]} 38. Nxc3 {[%clk 0:00:42]} Rxc3
{[%clk 0:08:47]} 39. Qe1 {[%clk 0:00:35]} Nc2 {[%clk 0:09:08]} 40. Qd1
{[%clk 0:00:36]} Nxa1 {[%clk 0:09:26]} 41. Qxa1 {[%clk 0:30:59]} Rxb3
{[%clk 0:40:20]} 42. Rb1 {[%clk 0:30:03]} b4 {[%clk 0:37:32]} 43. Nd1
{[%clk 0:28:48]} Qxa1 {[%clk 0:37:16]} 44. Rxa1 {[%clk 0:29:13]} Rc8
{[%clk 0:35:15]} 45. Be5 {[%clk 0:29:08]} Be8 {[%clk 0:34:26]} 46. Bd4
{[%clk 0:27:41]} Bb5 {[%clk 0:34:23]} 47. Be5 {[%clk 0:24:02]} Ra3
{[%clk 0:30:49]} 48. Rb1 {[%clk 0:15:33]} Bd3 {[%clk 0:31:09]} 49. Rb2
{[%clk 0:15:25]} Rc1 {[%clk 0:29:25]} 50. Rd2 {[%clk 0:15:11]} Bc2
{[%clk 0:28:45]} 51. Kh2 {[%clk 0:15:05]} Rd3 {[%clk 0:28:59]} 0-1

[Event "msr2018"]
[Site "?"]
[Date "2018.04.22"]
[Round "2.6"]
[White "Gzib, David"]
[Black "Franko, Ondrej"]
[Result "1/2-1/2"]
[BlackElo "1968"]
[WhiteElo "1923"]
[LiveChessVersion "1.4.8"]

1. e4 {[%clk 1:30:57]} c6 {[%clk 1:30:54]} 2. d4 {[%clk 1:31:22]} d5
{[%clk 1:31:19]} 3. e5 {[%clk 1:31:47]} Bf5 {[%clk 1:31:46]} 4. h4
{[%clk 1:32:11]} h5 {[%clk 1:32:11]} 5. Bd3 {[%clk 1:32:35]} Bxd3
{[%clk 1:32:21]} 6. Qxd3 {[%clk 1:33:03]} e6 {[%clk 1:32:44]} 7. Bg5
{[%clk 1:33:24]} Be7 {[%clk 1:33:01]} 8. Nf3 {[%clk 1:33:44]} Qb6
{[%clk 1:31:35]} 9. Nbd2 {[%clk 1:33:06]} Qa6 {[%clk 1:29:27]} 10. c4
{[%clk 1:32:32]} Nd7 {[%clk 1:22:53]} 11. O-O {[%clk 1:29:18]} Nb6
{[%clk 1:21:10]} 12. b3 {[%clk 1:25:18]} Rd8 {[%clk 1:17:02]} 13. Rfc1
{[%clk 1:19:51]} dxc4 {[%clk 1:11:37]} 14. Nxc4 {[%clk 1:15:41]} Nxc4
{[%clk 1:11:22]} 15. bxc4 {[%clk 1:07:55]} c5 {[%clk 1:09:38]} 16. Bxe7
{[%clk 1:06:06]} Nxe7 {[%clk 1:09:46]} 17. Qe4 {[%clk 1:05:26]} Qc6
{[%clk 0:50:14]} 18. Qxc6+ {[%clk 1:01:32]} Nxc6 {[%clk 0:50:38]} 19. dxc5
{[%clk 1:01:50]} Ke7 {[%clk 0:51:02]} 20. Rd1 {[%clk 0:57:27]} Rxd1+
{[%clk 0:50:49]} 21. Rxd1 {[%clk 0:50:38]} Rc8 {[%clk 0:51:15]} 22. Rb1
{[%clk 0:26:19]} Rc7 {[%clk 0:51:29]} 23. Kf1 {[%clk 0:24:03]} Na5
{[%clk 0:39:22]} 24. Ke2 {[%clk 0:19:15]} a6 {[%clk 0:33:03]} 25. Nd2
{[%clk 0:12:26]} Rxc5 {[%clk 0:32:13]} 26. f4 {[%clk 0:12:49]} Rc7
{[%clk 0:19:00]} 1/2-1/2

[Event "msr2018"]
[Site "?"]
[Date "2018.04.22"]
[Round "2.7"]
[White "Sandor, Martin"]
[Black "Stauder, Matej"]
[Result "1/2-1/2"]
[BlackElo "1881"]
[WhiteElo "1964"]
[LiveChessVersion "1.4.8"]

1. e4 {[%clk 1:30:57]} c5 {[%clk 1:30:51]} 2. Nf3 {[%clk 1:31:21]} e6
{[%clk 1:31:10]} 3. d4 {[%clk 1:31:45]} cxd4 {[%clk 1:31:15]} 4. Nxd4
{[%clk 1:32:06]} a6 {[%clk 1:31:11]} 5. Nc3 {[%clk 1:32:23]} Qc7 {[%clk 1:31:26]}
6. Bd3 {[%clk 1:32:05]} Nc6 {[%clk 1:28:57]} 7. Nxc6 {[%clk 1:32:20]} Qxc6
{[%clk 1:28:39]} 8. O-O {[%clk 1:32:09]} b5 {[%clk 1:25:56]} 9. e5
{[%clk 1:26:41]} Qc7 {[%clk 1:19:40]} 10. f4 {[%clk 1:16:51]} Bb7
{[%clk 1:05:33]} 11. Be4 {[%clk 1:14:36]} b4 {[%clk 1:04:44]} 12. Bxb7
{[%clk 1:11:46]} Qxb7 {[%clk 1:05:06]} 13. Ne2 {[%clk 1:11:25]} Bc5+
{[%clk 1:04:18]} 14. Kh1 {[%clk 1:11:23]} Ne7 {[%clk 1:04:24]} 15. Ng3
{[%clk 1:08:21]} Rc8 {[%clk 0:53:55]} 16. Qd3 {[%clk 0:59:10]} Qb5
{[%clk 0:47:55]} 17. Qxb5 {[%clk 0:53:27]} axb5 {[%clk 0:48:15]} 18. Bd2
{[%clk 0:53:35]} Bd4 {[%clk 0:45:59]} 19. c3 {[%clk 0:53:19]} bxc3
{[%clk 0:44:19]} 20. bxc3 {[%clk 0:52:04]} Bxc3 {[%clk 0:35:08]} 21. Bxc3
{[%clk 0:51:56]} Rxc3 {[%clk 0:35:30]} 22. Ne4 {[%clk 0:52:22]} Rc2
{[%clk 0:30:00]} 23. Nd6+ {[%clk 0:49:55]} Kf8 {[%clk 0:30:19]} 24. Nxb5
{[%clk 0:38:40]} Nc6 {[%clk 0:30:07]} 25. a4 {[%clk 0:35:35]} Ke7
{[%clk 0:29:57]} 26. Ra3 {[%clk 0:10:58]} Ra8 {[%clk 0:23:32]} 27. g3
{[%clk 0:08:21]} 1/2-1/2

[Event "msr2018"]
[Site "?"]
[Date "2018.04.22"]
[Round "2.9"]
[White "Turcan, Richard"]
[Black "Cedzo, Adam"]
[Result "1-0"]
[BlackElo "1703"]
[WhiteElo "2171"]
[LiveChessVersion "1.4.8"]

1. e4 {[%clk 1:30:34]} e5 {[%clk 1:25:50]} 2. Nf3 {[%clk 1:30:55]} Nc6
{[%clk 1:26:14]} 3. Bc4 {[%clk 1:30:54]} Bc5 {[%clk 1:26:30]} 4. O-O
{[%clk 1:30:33]} Nf6 {[%clk 1:26:50]} 5. d3 {[%clk 1:30:41]} O-O {[%clk 1:26:49]}
6. Be3 {[%clk 1:16:13]} Bb6 {[%clk 1:25:04]} 7. Nc3 {[%clk 1:15:24]} d6
{[%clk 1:25:18]} 8. Bg5 {[%clk 1:06:34]} Bg4 {[%clk 1:22:52]} 9. Nd5
{[%clk 0:57:46]} Nd4 {[%clk 1:21:55]} 10. Nxf6+ {[%clk 0:57:23]} gxf6
{[%clk 1:21:58]} 11. Bh6 {[%clk 0:57:22]} Nxf3+ {[%clk 1:16:33]} 12. gxf3
{[%clk 0:57:34]} Bh3 {[%clk 1:16:45]} 13. Kh1 {[%clk 0:34:37]} Bxf1
{[%clk 1:15:16]} 14. Qxf1 {[%clk 0:35:04]} Kh8 {[%clk 1:15:13]} 15. Qh3
{[%clk 0:33:07]} Qe7 {[%clk 1:11:08]} 16. Bxf8 {[%clk 0:30:48]} Rxf8
{[%clk 1:10:32]} 17. Rg1 {[%clk 0:29:39]} Bxf2 {[%clk 1:08:08]} 18. Rg2
{[%clk 0:29:17]} Bb6 {[%clk 1:08:28]} 19. Qg4 {[%clk 0:29:28]} Be3 1-0

[Event "msr2018"]
[Site "?"]
[Date "2018.04.22"]
[Round "2.10"]
[White "Priechodsky, Radovan"]
[Black "Sosovicka, Jakub"]
[Result "0-1"]
[BlackElo "2105"]
[WhiteElo "1679"]
[LiveChessVersion "1.4.8"]

1. d4 {[%clk 1:30:58]} d5 {[%clk 1:30:52]} 2. c4 {[%clk 1:31:21]} e6
{[%clk 1:31:16]} 3. Nc3 {[%clk 1:31:34]} Be7 {[%clk 1:31:19]} 4. Bf4
{[%clk 1:31:23]} Nf6 {[%clk 1:30:47]} 5. e3 {[%clk 1:31:33]} O-O {[%clk 1:30:27]}
6. Nf3 {[%clk 1:31:54]} c5 {[%clk 1:26:53]} 7. Bd3 {[%clk 1:26:43]} Nc6
{[%clk 1:23:30]} 8. O-O {[%clk 1:22:52]} b6 {[%clk 1:13:30]} 9. Ne5
{[%clk 1:18:25]} Bb7 {[%clk 1:10:07]} 10. Nxc6 {[%clk 1:11:35]} Bxc6
{[%clk 1:10:27]} 11. Be5 {[%clk 1:11:14]} Bb7 {[%clk 1:02:53]} 12. Qc2
{[%clk 1:09:35]} dxc4 {[%clk 0:57:52]} 13. Bxc4 {[%clk 1:00:13]} cxd4
{[%clk 0:56:48]} 14. Bxd4 {[%clk 0:59:40]} Qc7 {[%clk 0:54:57]} 15. f4
{[%clk 0:53:38]} Qxc4 {[%clk 0:53:30]} 16. h3 {[%clk 0:47:21]} Nd5
{[%clk 0:45:25]} 17. Rf3 {[%clk 0:45:04]} Bf6 18. Nxd5 {[%clk 0:43:32]} Qxc2
{[%clk 0:42:51]} 0-1

[Event "msr2018"]
[Site "?"]
[Date "2018.04.22"]
[Round "2.11"]
[White "Zetocha, Adrian"]
[Black "Mezes, Kristof"]
[Result "1-0"]
[BlackElo "1625"]
[WhiteElo "2094"]
[LiveChessVersion "1.4.8"]

1. d4 {[%clk 1:30:56]} e6 {[%clk 1:30:52]} 2. Nf3 {[%clk 1:31:17]} Nf6
{[%clk 1:31:09]} 3. e3 {[%clk 1:31:34]} d5 {[%clk 1:31:29]} 4. Bd3
{[%clk 1:31:58]} Bd6 {[%clk 1:31:44]} 5. O-O {[%clk 1:32:01]} O-O
{[%clk 1:31:41]} 6. Ne5 {[%clk 1:24:32]} Nbd7 {[%clk 1:30:09]} 7. f4
{[%clk 1:24:53]} c6 {[%clk 1:28:31]} 8. Nd2 {[%clk 1:24:06]} c5 {[%clk 1:21:14]}
9. c3 {[%clk 1:24:20]} Qc7 {[%clk 1:19:55]} 10. Rf3 {[%clk 1:24:16]} a6
{[%clk 1:17:28]} 11. Rh3 {[%clk 1:23:58]} h6 {[%clk 1:17:28]} 12. g4
{[%clk 1:23:38]} Ne4 {[%clk 1:05:01]} 13. g5 {[%clk 1:20:31]} Bxe5
{[%clk 0:59:48]} 14. dxe5 {[%clk 1:20:35]} Rd8 {[%clk 0:54:46]} 15. gxh6
{[%clk 1:19:07]} g6 {[%clk 0:54:47]} 16. Qf3 {[%clk 1:15:38]} Nxd2
{[%clk 0:51:23]} 17. Bxd2 {[%clk 1:16:01]} Nf8 {[%clk 0:50:15]} 18. h7+
{[%clk 1:15:52]} Nxh7 {[%clk 0:43:15]} 19. Be1 {[%clk 1:04:50]} d4
{[%clk 0:33:33]} 20. exd4 {[%clk 1:05:13]} cxd4 {[%clk 0:33:45]} 21. Rxh7
{[%clk 1:05:38]} Kxh7 {[%clk 0:32:26]} 22. Qh3+ {[%clk 1:03:40]} Kg8
{[%clk 0:29:31]} 23. Bh4 {[%clk 1:04:01]} dxc3 {[%clk 0:29:33]} 24. Bf6
{[%clk 1:03:46]} Qc5+ {[%clk 0:29:31]} 25. Kf1 {[%clk 1:03:55]} 1-0